ドボンクイズ〜国名と首都の組み合わせ〜 - Statistics

General Stats
  • This quiz has been taken 1,443 times
  • The average score is 4 of 23
Answers on the Grid
Answers color-coded by a green-red scale on the quiz's grid according to % correct below.
アイスランド
ダブリン
アゼルバイジャン
バクー
アラブ首長国連邦
ドバイ
アルゼンチン
ブエノスディアス
アルメニア
エレバン
アンドラ
ルワンダ
アンティグア・バーブーダ
セントジョンズ
イラン
テヘラン
ウルグアイ
モンテビデオ
エスワティニ
ムババーネ
オマーン
マスカット
ガーナ
クマシ
カナダ
オワタ
キューバ
バハマ
ガボン
バンジュール
ギニア
フリータウン
グレナダ
ジョージタウン
クロアチア
マグレブ
スイス
チューリッヒ
コスタリカ
サンホセ
コンゴ共和国
ブラザビル
サモア
アピア
ザンビア
ハラレ
スペイン
バルセロナ
スロバキア
リュブリャナ
セーシェル
ポートルイス
タジキスタン
ドゥシャンベ
チリ
サンディエゴ
トーゴ
ロゾー
トリニダード・トバゴ
ポートオブフランス
トルコ
イスタンブル
トンガ
アロンアルファ
ナイジェリア
ナイジェ
ナミビア
ウィントフック
ネパール
カトマンズ
バーレーン
ナカーマ
バヌアツ
ポートビラ
バハマ
ナッソー
パラオ
マルキョク
パプアニューギニア
ポートモレスビー
フィジー
スバ
ブラジル
サンパウロ
ニュージーランド
オークランド
マラウイ
リロングウェ
ミャンマー
ヤンゴン
ブルンジ
ギテガ
ベリーズ
ベルモパン
ボツワナ
ハボローネ
マーシャル諸島
パリキール
モザンビーク
マプト
ラトビア
ビリニュス
ルーマニア
ブダペスト
北マケドニア
ニコシア
 
Answer Stats
Answer % Correct
イラン
テヘラン
41%
ネパール
カトマンズ
36%
アゼルバイジャン
バクー
33%
オマーン
マスカット
33%
ウルグアイ
モンテビデオ
23%
パプアニューギニア
ポートモレスビー
22%
パラオ
マルキョク
19%
コンゴ共和国
ブラザビル
17%
アルメニア
エレバン
16%
タジキスタン
ドゥシャンベ
16%
バハマ
ナッソー
16%
コスタリカ
サンホセ
15%
フィジー
スバ
15%
エスワティニ
ムババーネ
14%
サモア
アピア
14%
ナミビア
ウィントフック
14%
ボツワナ
ハボローネ
13%
マラウイ
リロングウェ
12%
ベリーズ
ベルモパン
12%
モザンビーク
マプト
12%
バヌアツ
ポートビラ
11%
アンティグア・バーブーダ
セントジョンズ
9%
ブルンジ
ギテガ
5%
No matching quizzes found
Score Distribution
Percent of People with Each Score
Percentile by Number Answered
Your Score History
You have not taken this quiz